| 000 | 00479nam a22001577a 4500 | ||
|---|---|---|---|
| 999 |
_c34721 _d34721 |
||
| 003 | CUTN | ||
| 005 | 20210415161437.0 | ||
| 008 | 210415b ||||| |||| 00| 0 eng d | ||
| 041 | _aEnglish | ||
| 082 |
_a540 _bPUN |
||
| 100 | _aPunithavathi, P. | ||
| 245 | _aDesign, synthesis and characterisation of novel class of sugar-disulfide and coumarin- Triazole appended derivatives | ||
| 260 |
_aThiruvarur _bCentral University of Tamil Nadu |
||
| 520 | _aM170503 | ||
| 942 |
_2ddc _cTDP |
||